Hacia la construcción del posconflicto en América Latina y el Caribe: una mirada a la violencia juvenil en Centroamerica /
El documento pretende establecer los vínculos entre las condiciones que causan los conflictos armados y las que suscitan la violencia posconflicto. En este sentido, en el artículo se argumenta que es necesario identificar y explicar la importancia de la democracia insuficiente, resultado de la fragi...
Tallennettuna:
| Päätekijä: | |
|---|---|
| Aineistotyyppi: | Teksti |
| Sarja: | SERIE POLITICAS SOCIALES CEPAL
|
| Aiheet: | |
| Tagit: |
Lisää tagi
Ei tageja, Lisää ensimmäinen tagi!
|
MARC
| LEADER | 00000 a a2200000 04500 | ||
|---|---|---|---|
| 001 | 48047 | ||
| 003 | |||
| 040 | |||
| 090 | |a REV1291 (115) 2005 | ||
| 100 | |a Wielandt, Gonzalo | ||
| 245 | |a Hacia la construcción del posconflicto en América Latina y el Caribe: una mirada a la violencia juvenil en Centroamerica / |c Gonzalo Wielandt | ||
| 440 | |a SERIE POLITICAS SOCIALES |a CEPAL | ||
| 500 | |a Incluye notas y referencias bibliográficas | ||
| 520 | |a El documento pretende establecer los vínculos entre las condiciones que causan los conflictos armados y las que suscitan la violencia posconflicto. En este sentido, en el artículo se argumenta que es necesario identificar y explicar la importancia de la democracia insuficiente, resultado de la fragilidad de los acuerdos de paz y de negaciones de resolución política, como portadora de las condiciones estructurales que producen la violencia posconflicto. Una de las características de la violencia posconflicto es la propagación y desarrollo de las pandillas juveniles como actores de violencia y criminalidad; por lo tanto, es necesario también analizar los vacíos de la democracia que pueden crear este hecho social. Junto con ello, la migración de un tipo de estructura social a otra, ha traído consigo divergencias entre normas internalizadas y situaciones objetivas, dando pie a una tercera causa, que son las actitudes, las motivaciones, y las expectativas respecto del marco normativo, generándose un conflicto mayor cuando la frustración afecta a grandes masas de personas. | ||
| 650 | |a GUERRA | ||
| 650 | |a DEMOCRACIA | ||
| 650 | |a DELINCUENCIA | ||
| 650 | |a PANDILLAS | ||
| 650 | |a MIGRACION | ||
| 650 | |a VIOLENCIA | ||
| 650 | |a AMERICA CENTRAL | ||
| 650 | |a NICARAGUA | ||
| 650 | |a EL SALVADOR | ||
| 650 | |a GUATEMALA | ||
| 650 | |a HONDURAS | ||
| 650 | |a COSTA RICA | ||
| 773 | |g número115, (2005), página63 | ||
| 999 | |c 20248 |d 20248 | ||
